Países de la Unión Soviética - Muerte Súbita - Statistics

General Stats
  • This quiz has been taken 835 times
  • The average score is 7 of 15
Answers on the Grid
Answers color-coded by a green-red scale on the quiz's grid according to % correct below.
Afganistán
Albania
Armenia
Azerbaiyán
Bielorrusia
Bulgaria
Checoslovaquia
Corea del Norte
Cuba
Estonia
Finlandia
Georgia
Hungría
Kazajstán
Kirguistán
Letonia
Lituania
Moldavia
Mongolia
Polonia
Porcelana
Rumania
Rusia
Tayikistán
Turkmenistán
Turquía
Ucrania
Uzbekistán
Vietnam
Yugoslavia
 
Answer Stats
Answer % Correct
Bielorrusia
76%
Armenia
63%
Azerbaiyán
58%
Estonia
54%
Rusia
50%
Kazajstán
49%
Ucrania
49%
Kirguistán
46%
Letonia
44%
Lituania
43%
Georgia
39%
Turkmenistán
39%
Uzbekistán
39%
Tayikistán
36%
Moldavia
33%
No matching quizzes found
Score Distribution
Percent of People with Each Score
Percentile by Number Answered
Your Score History
You have not taken this quiz